[Event "Kazimierz Dolny op"]
[Site "Kazimierz Dolny"]
[Date "2001.03.14"]
[Round "5"]
[White "Bartel, Michal"]
[Black "Skurski, Jan"]
[Result "1/2-1/2"]
[WhiteElo "2003"]
[BlackElo "2096"]
[PlyCount "100"]
[EventDate "2001.03.10"]
[EventType "swiss"]
[EventRounds "9"]
[EventCountry "POL"]
[SourceTitle "CBM 081 Extra"]
[Source "ChessBase"]
[SourceDate "2001.05.06"]
[SourceVersion "1"]
[SourceVersionDate "2001.05.06"]
[SourceQuality "1"]

1. e4 e5 2. Nf3 Nc6 3. Bb5 a6 4. Ba4 Nf6 5. 0-0 Be7 6. Re1 b5 7. Bb3 d6 8. c3 0-0 9. h3 Na5 10. Bc2 c5 11. d4 Qc7 12. d5 Bd7 13. Nbd2 Ne8 14. Nf1 g6 15. Bh6 Ng7 16. g4 f6 17. Ng3 Nb7 18. a4 c4 19. Kh2 Nd8 20. Rg1 Nf7 21. Bxg7 Kxg7 22. Nd2 Qb6 23. Qe2 Rfc8 24. h4 Qc5 25. Rg2 b4 26. Rag1 b3 27. Nf5+ Kf8 28. Nxe7 Kxe7 29. Bd1 g5 30. Qf3 Bxa4 31. Be2 Bb5 32. h5 Nh6 33. Ra1 Qc7 34. Qe3 Qd7 35. Rgg1 Rc5 36. Kg3 Qc7 37. Kh2 Bd7 38. f3 Bb5 39. Kg3 Ng8 40. Ra3 Kf8 41. Rga1 Ne7 42. Ra5 Rb8 43. R5a3 Nc8 44. Nf1 Nb6 45. Qd2 Nc8 46. Ne3 Ne7 47. Nf5 Nxf5+ 48. gxf5 h6 49. Kg4 Qg7 50. Qe3 Qd7 1/2-1/2

[Event "Kazimierz Dolny op"]
[Site "Kazimierz Dolny"]
[Date "2001.03.12"]
[Round "3"]
[White "Opalinski, Stefan"]
[Black "Skurski, Jan"]
[Result "0-1"]
[WhiteElo "2130"]
[BlackElo "2096"]
[PlyCount "42"]
[EventDate "2001.03.10"]
[EventType "swiss"]
[EventRounds "9"]
[EventCountry "POL"]
[SourceTitle "CBM 081 Extra"]
[Source "ChessBase"]
[SourceDate "2001.05.06"]
[SourceVersion "1"]
[SourceVersionDate "2001.05.06"]
[SourceQuality "1"]

1. e4 d5 2. exd5 Nf6 3. Nc3 Nxd5 4. Nxd5 Qxd5 5. Nf3 g6 6. Be2 Bg7 7. 0-0 0-0 8. c3 c5 9. d3 Nc6 10. Qc2 b6 11. Ng5 Bb7 12. Bf3 Qd7 13. Be3 h6 14. Nh3 g5 15. Bxg5 hxg5 16. Nxg5 Bh6 17. Nh3 Nd4 18. cxd4 Bxf3 19. gxf3 Qxh3 20. f4 Qg4+ 21. Kh1 Qf3+ 0-1